Betriebswirtschaftliche Optimierung Einführung in die quantitative Betriebswirtschaftslehre

Na minha lista:
Detalhes bibliográficos
Autor principal: Stepan, Adolf
Outros Autores: Fischer, Edwin O.
Formato: Livro
Idioma:alemão
Publicado em: München Oldenbourg 1993
Edição:4. durchges. Aufl.
Assuntos:
Tags: Adicionar Tag
Sem tags, seja o primeiro a adicionar uma tag!

MARC

LEADER 00000nam a2200000 4500
001 c010010
005 20221206075427.2
020 |a 3-486-22659-2 
041 0 |a ger 
044 |a DE 
245 1 0 |a Betriebswirtschaftliche Optimierung  |b Einführung in die quantitative Betriebswirtschaftslehre  |c Adolf Stepan, Edwin O. Fischer 
250 |a 4. durchges. Aufl. 
264 1 |a München  |b Oldenbourg  |c 1993 
300 |a 276 s. 
610 2 0 |a hospodárstvo podnikové 
610 2 0 |a optimalizácia 
610 2 0 |a metódy matematické 
610 2 0 |a metódy optimalizačné 
610 2 0 |a programovanie lineárne 
610 2 0 |a programovanie nelineárne 
610 2 0 |a programovanie dynamické 
610 2 0 |a programovanie matematické 
100 1 |a Stepan, Adolf 
700 1 |a Fischer, Edwin O.